Statistics for BTS Solo Songs Quiz

Click here to take the quiz!

General Stats

  • This quiz has been taken 334 times
  • The average score is 29 of 66

Answer Stats

MemberSong% Correct
JungkookEuphoria
92%
JinMoon
87%
JiminFilter
85%
JiminIntro: Serendipity
84%
JinEpiphany
84%
JiminLie
80%
VIntro: Singularity
79%
JungkookMy Time
79%
J-HopeOutro: Ego
78%
JungkookBegin
71%
J-HopeMAMA
71%
VInner Child
71%
SugaDaechwita
70%
VStigma
70%
JinAwake
70%
VWinter Bear
69%
SugaTrivia: Seesaw
69%
RMTrivia: Love
66%
SugaAgust D
66%
J-HopeTrivia: Just Dance
66%
J-HopeDaydream
64%
SugaInterlude: Shadow
64%
JiminPromise
61%
RMIntro: Persona
61%
JungkookStill With You
58%
J-HopeAirplane
58%
J-HopeIntro: Boy Meets Evil
56%
SugaFirst Love
55%
VSweet Night
54%
J-HopeHope World
52%
RMReflection
52%
RMseoul
52%
RMmoonchild
47%
Sugagive it to me
42%
SugaPeople
40%
J-HopeBlue Side
40%
RMforever rain
38%
RMDo You
38%
RMtokyo
38%
JinTonight
31%
VScenery
31%
SugaWhat Do You Think?
29%
SugaMoonlight
28%
J-HopeP.O.P (Piece of
Peace), Pt. 1
27%
SugaThe Last
25%
RMJoke
25%
J-HopeBase Line
24%
RMuhgood
21%
SugaHonsool
20%
SugaInterlude: Set Me Free
20%
RMMonster
15%
RMIntro: What
Am I to You
14%
RMLife
13%
Suga724148
13%
Sugaskit
12%
RMGod Rap
11%
RMI Believe
10%
Suga140503 at dawn
9%
RMVoice
8%
SugaInterlude : Dream, Reality
8%
RMAdrift
8%
RMAwakening
7%
SugaIntro: The Most Beautiful
Moment In Life
6%
RMThrow Away
6%
RMIntro: 2 Cool 4 Skool
5%
SugaIntro : DT sugA
4%

Score Distribution

Percentile by Number Answered

Percent of People with Each Score

Your Score History

You have not taken this quiz